000
00338nam a2200145Ia 4500
008
140316s9999 xx 000 0 und d
020
_a
9788131208137
082
_a
778.593
_b
HOL/So
100
_a
Holman,Tomlinson
245
_a
Sound for digital video
260
_a
_b
Focal Press
_c
2005
300
_a
306
650
_a
942
_2
ddc
_c
BK
999
_c
8783
_d
8783